| 000 | 00632nam a2200265Ia 4500 | ||
|---|---|---|---|
| 005 | 20250425161925.0 | ||
| 008 | 250425s9999 xx 000 0 und d | ||
| 020 | _a8480883448 | ||
| 041 | _aspa | ||
| 043 | _asp | ||
| 082 | _a614.793 | ||
| 100 | _aASENJO, MIGUEL ANGEL | ||
| 245 | 0 | _aLAS CLAVES DE LA GESTIÓN HOSPITALARIA | |
| 250 | _a11A ED. | ||
| 260 | _aBARCELONA | ||
| 260 |
_aEspaña _bGESTION 2000 _c1999 |
||
| 300 | _a138 | ||
| 650 | _aGESTION CLINICA | ||
| 650 | _aGESTION HOSPITALARIA | ||
| 650 | _aHOSPITALES | ||
| 650 | _aPLANIFICACION | ||
| 650 | _aSALUD PUBLICA | ||
| 942 | _c01 | ||
| 010 | _a35079 | ||
| 999 |
_c218945 _d218945 |
||